000 00544nam a22001817a 4500
005 20240111071621.0
008 240111b |||||||| |||| 00| 0 eng d
020 _a0409037680
041 _aEnglish
082 _a346.77 KLO
100 _aKlopper, HB
_lEnglish
245 _aLaw of Third Party Compensation /
_cHB Klopper
250 _aFirst Edition
260 _aDurban :
_bLexisNexis Butterworths,
_c2000
300 _bxxii, 496 pages ;
_c25 cm.
650 _aLegal practice
_bLaw
942 _cBK
_6ALISON_BN_VRIES
999 _c1226
_d1226